000 00539nam a2200169Ia 4500
999 _c6162
_d6162
003 OSt
005 20200122131323.0
008 190216s9999||||xx |||||||||||||| ||und||
020 _a9780070483224
040 _coclc
082 _a332.632042
_bCHA/I
100 _a Chandra, Prasanna
_91069
245 0 _aInvestment Analysis And Portfolio Managment /
_cPrasanna Chandra
260 _bTata McGraw Hill Publishing Company,
_c2002.
_aNew Delhi:
300 _a604p
942 _cBK
_2ddc
_h332.632042
_iCHA/I
_k332.632042
_mCHA/I